A responsabilidade do estado por actos líctos / (Record no. 211)

MARC details
000 -LÍDER
Campo Fixo de Controle 00840cam a2200253 a 4500
001 - NÚMERO DE CONTROLE
Campo de Controle 211
003 - IDENTIFICAÇÃO DO NÚMERO DE CONTROLE
Campo de Controle BR-CuiBMT
005 - DATA E HORA DA ÚLTIMA ATUALIZAÇÃO
Campo de Controle 20231114024518.0
008 - DADOS FIXOS
Dados Fixos 230830s2019 mgb 000 0 por d
020 ## - INTERNATIONAL STANDARD BOOK NUMBER
Nº do ISBN 9788545005933
040 ## - AGÊNCIA CATALOGADORA
Código da Agência Catalogadora BR-CuiBMT
Agência que transcreveu o registro BR-CuiBMT
080 ## - Nº DA CLASSIFICAÇÃO DECIMAL UNIVERSAL
Nº edição CDU 2007
Nº Class. CDU 347.51:35
Subd. Auxiliar Comum (469)
090 ## - NÚMERO DE CHAMADA
Nº classificação 347.51:35(469)
Cutter C227r
Ano/Edição 2. ed.
100 1# - ENTRADA PRINCIPAL -- AUTOR PESSOAL
Nome pessoal Canotilho, J. J. Gomes
Forma completa do nome (José Joaquim Gomes),
Datas associadas ao nome 1941-
245 12 - TÍTULO PRINCIPAL
Título principal A responsabilidade do estado por actos líctos /
Indicação de responsabilidade José Joaquim Gomes Canotilho.
250 ## - EDIÇÃO
Edição 2. ed., rev. e ampl.
260 ## - PUBLICAÇÃO, DISTRIBUIÇÃO, ETC.
Local de publicação Belo Horizonte :
Editora Fórum,
Data 2019.
300 ## - DESCRIÇÃO FÍSICA
N. páginas ou volumes 209 p. ;
Dimensões 24 cm
504 ## - NOTA DE BIBLIOGRAFIA, ETC.
Nota de bibliografia Inclui bibliografia.
650 ## - ASSUNTO TÓPICO
Cabeçalho tópico ou nome geográfico Responsabilidade do Estado
Subdivisão geográfica Portugal
650 ## - ASSUNTO TÓPICO
Cabeçalho tópico ou nome geográfico Responsabilidade civil do Estado
Subdivisão geográfica Portugal
650 ## - ASSUNTO TÓPICO
Cabeçalho tópico ou nome geográfico Responsabilidade administrativa
Subdivisão geográfica Portugal
942 ## - ELEMENTOS DE ENTRADA ADICIONAIS (KOHA)
Fonte de classificação ou esquema de arquivamento Classificação Decimal Universal
Tipo de item do Koha Livros
Holdings
Estado: removido Estado: perdido Fonte de classificação ou esquema de arquivamento Estado: danificado Indisponível para empréstimo Localização permanente Localização atual Data de aquisição Total Checkouts Número de Chamada completo Código de barras Date last seen Número do exemplar Preço efetivo a partir de Tipo de item (Koha)
    Classificação Decimal Universal     Biblioteca da Escola Superior de Contas do TCE/MT Biblioteca da Escola Superior de Contas do TCE/MT 28/07/2023   347.51:35(469) C227r 2. ed. BIBTCEMT23080190 30/08/2023 Ex. 1 30/08/2023 Livros
    Classificação Decimal Universal     Biblioteca da Escola Superior de Contas do TCE/MT Biblioteca da Escola Superior de Contas do TCE/MT 23/11/2023   347.51:35(469) C227r 2. ed BIBTCEMT23110956 23/11/2023 Ex. 2 23/11/2023 Livros
    Classificação Decimal Universal     Biblioteca da Escola Superior de Contas do TCE/MT Biblioteca da Escola Superior de Contas do TCE/MT 23/11/2023   347.51:35(469) C227r 2. ed BIBTCEMT23110957 23/11/2023 Ex. 3 23/11/2023 Livros
    Classificação Decimal Universal     Biblioteca da Escola Superior de Contas do TCE/MT Biblioteca da Escola Superior de Contas do TCE/MT 23/11/2023   347.51:35(469) C227r 2. ed BIBTCEMT23110958 23/11/2023 Ex. 4 23/11/2023 Livros
    Classificação Decimal Universal     Biblioteca da Escola Superior de Contas do TCE/MT Biblioteca da Escola Superior de Contas do TCE/MT 23/11/2023   347.51:35(469) C227r 2. ed BIBTCEMT23110959 23/11/2023 Ex. 5 23/11/2023 Livros

Powered by Koha